UBT Library

Essentials of human anotomy physiology: (Record no. 1962)

000 -LEADER
fixed length control field 00333nam a22001337a 4500
008 - FIXED-LENGTH DATA ELEMENTS--GENERAL INFORMATION
fixed length control field 160510b xxu||||| |||| 00| 0 eng d
020 ## - INTERNATIONAL STANDARD BOOK NUMBER
International Standard Book Number 9780321523990
020 ## - INTERNATIONAL STANDARD BOOK NUMBER
International Standard Book Number 9780321523990
020 ## - INTERNATIONAL STANDARD BOOK NUMBER
International Standard Book Number 03210523997
041 ## - LANGUAGE CODE
Language code of text/sound track or separate title eng
080 ## - UNIVERSAL DECIMAL CLASSIFICATION NUMBER
Universal Decimal Classification number 611
245 ## - TITLE STATEMENT
Title Essentials of human anotomy physiology:
Statement of responsibility, etc Elaine N. Marieb;
942 ## - ADDED ENTRY ELEMENTS (KOHA)
Source of classification or shelving scheme
Item type Books
Holdings
Withdrawn status Lost status Source of classification or shelving scheme Damaged status Not for loan Collection code Permanent location Current location Shelving location Date acquired Total Checkouts Full call number Barcode Date last seen Price effective from Koha item type
          Koleksioni i përgjithshem UBT - Lipjan UBT - Lipjan Koleksioni i përgjithshem 05/10/2016   611 MAR 002-028706 05/10/2016 05/10/2016 Books
UBT Library © 2015-2024. All rights reserved University Education for Business and Technology